000 01271nmc a2200397 a 4500
003 AR-BaBNM
005 20251128203855.0
008 026019s1982 ||||||||||||||000 | spa||
020 _a950-0147-01
040 _cAR-BaBNM
100 1 _aMiranda, Roberto Alfredo
245 1 0 _aProyectos políticos y escuela 1890-1920
_bla política escolar nacional, los planes de los ministros Magnasco, Saavedra Lamas y Salinas : aspectos macrosociales y sistema escolar
250 _a1ª ed.
260 _aRosario
_bEdiciones Matética
_c1982
300 0 _a598 p.
_btablas
490 0 _aPolítica escolar
504 _aBibliografía al término del texto
600 1 4 _aMagnasco, Osvaldo
600 1 4 _aSaavedra Lamas, Carlos
600 1 4 _aSalinas, José
650 4 _aORGANIZACION DE LA EDUCACION
650 4 _aHISTORIA DE LA EDUCACION
650 4 _aESTADO Y EDUCACION
650 4 _aDOCUMENTOS DE EDUCACION
650 4 _aFORMACION PROFESIONAL
650 4 _aPLAN DE FORMACION DE DOCENTES
650 4 _aPLAN DE ESTUDIOS
650 4 _aPOLITICA EDUCATIVA
651 4 _aArgentina
653 _aPEDAGOGOS
653 0 _aLEGISLACION EDUCATIVA
700 1 _aIazzetta, Osvaldo Miguel
700 1 _aBruera, Ricardo
_eprologuista
942 _cBK
998 _cSILVI
999 _c5280
_d5280